000 00728nam a2200229Ia 4500
001 16726
003 GE_BSU
008 181216s||||||||xx |||||||||||||| ||und||
040 _cGE_BSU
080 _a821.161.1-31
100 _aერიომენკო, ვლადიმერ
245 _aპური შენი
245 _bრომანი
245 _cთარგმნა გ. გვერდწითელმა. რედ. მ.რევაზიშვილი
260 _aთბილისი
260 _bსაბჭ. საქართველო
260 _c1984
300 _a409გვ. ; 22სმ
653 _aპური შენი
653 _aრომანი
942 _cBK
999 _c49791
_d49791